[Event "Montenegro Festival-01 IM 2021"]
[Site "Niksic"]
[Date "2021.02.26"]
[Round "1"]
[White "Klasan, Vladimir"]
[Black "Nikcevic, Nebojsa"]
[Result "0-1"]
[WhiteElo "2304"]
[BlackElo "2412"]
[Annotator "TA"]
[PlyCount "90"]
[EventDate "2021.02.26"]
[EventType "tourn"]
[EventRounds "9"]
[EventCountry "MNE"]

{[%evp 11,90,31,32,0,0,0,0,0,0,0,0,-23,-29,-29,-23,-33,-33,-33,-35,-32,-32,-35,-35,-32,-32,-33,-33,-41,-32,-41,-41,-50,-39,-49,-39,-38,-40,-47,-45,-65,-49,-72,-52,-58,-52,-61,-61,-53,-62,-55,-53,-56,-44,-122,-118,-127,-55,-102,-62,-835,-178,-823,-823,-898,-854,-1197,-1206,-1881,-1106,-1192,-764,-29977,-29974,-29978,-29979,-29979,-29980,-29980,-29981,-29980,-29964]} 1. e4 e5 2. Nf3 Nf6 3. Nc3 Nc6 4. d4 Bb4 5. Nxe5 Qe7 6. Nxc6 Qxe4+ 7. Qe2 {C47: Scotch Four Knights and Four Knights with 4 g3.} (7. Be2 {keeps more tension.} Bxc3+ 8. bxc3 Qxc6 9. O-O Qxc3 10. Rb1) 7... dxc6 8. Bd2 Qxe2+ 9. Bxe2 {The position is equal.} Bf5 10. O-O-O $1 O-O-O 11. Bg5 Bxc3 12. bxc3 Rde8 {[#]} 13. Rhe1 $146 ({Predecessor:} 13. Bd3 Bxd3 14. cxd3 Nd5 15. Kd2 Re6 16. c4 Rg6 17. Bh4 Nb6 18. Bg3 h5 19. Rhe1 {0-1 (35) Triapishko,A (2509)-Safarli,E (2667) Ankara 2018}) 13... Ne4 $1 {[%cal Re4g5]} 14. Bd3 Bg6 15. Bxe4 Bxe4 16. f3 Bd5 17. a3 f6 18. Bh4 Kd7 19. Rxe8 Rxe8 $15 {[%mdl 4096] Endgame KRB-KRB} 20. Re1 Rg8 21. Re2 g5 22. Be1 h5 23. h4 Bc4 24. Rd2 Ke6 25. Kd1 b6 26. Bg3 Rg7 27. hxg5 Rxg5 28. Bxc7 Ra5 29. Kc1 Rxa3 30. Kb2 Ra2+ 31. Kb1 Ra5 32. Bb8 (32. g4 $15) 32... Rb5+ 33. Ka1 a5 (33... h4 $17 34. Rd1 Rg5) 34. Rd1 a4 (34... Rg5 {looks sharper.} 35. Rg1 Rg7 36. Bf4 Kf5 37. Be3 b5) 35. Rb1 $2 {[%mdl 8192] [#] This move loses the game for White.} (35. g4 $15) 35... Rxb1+ $19 36. Kxb1 {KB-KB} h4 37. Bc7 Bf1 38. Bxb6 Bxg2 39. Kb2 Bxf3 40. Ka3 Kd5 41. Kxa4 h3 {Black mates.} 42. Bc7 Kc4 43. Bh2 Kxc3 44. Bg1 f5 45. Ka5 Kxc2 {Weighted Error Value: White=0.63/Black=0.25} 0-1

[Event "Montenegro Festival-01 IM 2021"]
[Site "Niksic"]
[Date "2021.02.26"]
[Round "1"]
[White "Arapovic, Vitomir"]
[Black "Tomic, Aleksandar"]
[Result "1-0"]
[WhiteElo "2295"]
[BlackElo "2339"]
[Annotator "TA"]
[PlyCount "73"]
[EventDate "2021.02.26"]
[EventType "tourn"]
[EventRounds "9"]
[EventCountry "MNE"]

{[%evp 19,73,10,9,0,0,0,5,9,13,14,7,15,29,0,0,0,0,0,0,0,15,0,16,0,0,-9,0,0,54,47,42,29,81,83,89,93,106,20,19,20,94,3,8,0,0,0,0,0,532,537,508,525,525,516,29998,873]} 1. e4 c5 2. Nf3 e6 3. d4 cxd4 4. Nxd4 Nf6 5. Nc3 Nc6 6. Nxc6 bxc6 7. Bd3 e5 8. O-O Be7 9. Qe2 O-O 10. Kh1 d6 11. f4 {B80: Sicilian Scheveningen: 6 g3 and 6 Be3, including English Attack.} exf4 12. Bxf4 Ng4 13. h3 {The position is equal.} Ne5 14. Bxe5 dxe5 15. Bc4 {[#]} Qd6 $146 ({Predecessor:} 15... Bg5 16. Rad1 Qe7 17. Bb3 Bf4 18. Qf2 Qg5 19. Ne2 Ba6 20. c4 Be3 21. Qf3 Bc5 {0-1 (47) Nayem,H (2031)-Cramling Bellon,A (2035) chess.com INT 2020}) 16. Nd1 Qg6 17. Nf2 {[%cal Bd1f2,Bf2d3,Bd3e1,Be1f3][%mdl 32]} Kh8 18. Nd3 f6 19. Rad1 Qg5 20. Ne1 Bc5 21. Nf3 Qh6 22. Qd2 Qh5 23. Qc3 Bg4 {[#]} (23... Qe8 $11) 24. Be6 $1 $14 Bxf3 25. Qxf3 Qh6 (25... Qxf3 $11 {keeps the balance.} 26. Rxf3 Rad8) 26. Bd7 $16 Rab8 27. Bxc6 Be3 28. Bd5 (28. Rd3 $16 Bc5 29. b3) 28... Rxb2 $11 29. Bb3 a5 (29... Bd4 $11 {remains equal.}) 30. Rd3 (30. Qf5 $16 {And now Qxe5! would win.} Bc5 31. Rd5) 30... Bd4 31. c3 Bb6 32. Rd6 Qe3 33. Rfd1 $40 {[%mdl 128] Strongly threatening Qxe3. White attacks.} g6 $2 {[%mdl 8192] [#]} (33... Qxf3 $11 {and Black stays safe.} 34. gxf3 Bc5) 34. Rd8 $3 $18 {[%cal Rf3f6][%mdl 512]} Qxf3 {[%csl Gb2][%cal Rf3g2]} (34... Kg7 35. Rxf8) 35. Rxf8+ Kg7 {[%csl Gb2][%cal Rf3g2]} 36. Rf7+ ({Inferior is} 36. gxf3 Kxf8 37. Rd6 Be3 $11) 36... Kg8 (36... Kh6 $18 37. gxf3 Be3) 37. gxf3 {Weighted Error Value: White=0.13/Black=0.66} (37. Rc7+ $142 Kh8 38. Rd8# (38. gxf3 Bxc7 39. Rd7 Bb6 $11)) 1-0

[Event "Montenegro Festival-01 IM 2021"]
[Site "Niksic"]
[Date "2021.02.26"]
[Round "1"]
[White "Jelcic, Marko"]
[Black "Nikac, Predrag"]
[Result "1-0"]
[WhiteElo "2208"]
[BlackElo "2320"]
[Annotator "TA"]
[PlyCount "91"]
[EventDate "2021.02.26"]
[EventType "tourn"]
[EventRounds "9"]
[EventCountry "MNE"]

{[%evp 14,91,43,54,55,48,43,50,108,107,115,95,95,86,89,95,114,121,170,168,166,166,202,209,201,204,261,270,345,358,356,195,160,166,205,161,158,49,62,51,60,0,0,-156,43,28,39,0,0,0,0,0,0,0,0,0,172,118,112,160,1263,1212,1091,1094,29980,29981,29981,29982,29982,29983,29982,29978,29983,29979,29978,29979,29989,29982,29987,29977]} 1. e4 c5 2. c3 g6 3. d4 cxd4 4. cxd4 Bg7 5. Nc3 d6 6. Be3 Nf6 7. f3 O-O 8. Qd2 a6 {B07: Pirc Defence: Miscellaneous Systems.} 9. Nge2 Nc6 10. g4 {[#]} e5 $146 (10... b5 $14) ({Predecessor:} 10... b5 11. Ng3 e5 12. d5 Nd4 13. Bg2 b4 14. Nce2 Nxe2 15. Qxe2 a5 16. Qd2 Ba6 {0-1 (38) Izmestiev,I (2098)-Chigaev,M (2104) Novokuznetsk 2011}) 11. d5 $1 $16 {[%cal Rd5c6]} Na5 12. Ng3 b5 13. b4 {[%cal Bb2b4,Bb4b5][%mdl 32]} Nc4 14. Bxc4 bxc4 {[#]} 15. h4 $1 a5 16. b5 Nd7 17. h5 Nc5 18. Bxc5 dxc5 19. a4 Qf6 20. Qe3 Qf4 21. Nf1 f5 22. hxg6 (22. h6 $142 Bf6 23. gxf5) 22... fxg4 $18 23. gxh7+ Kh8 24. fxg4 Bxg4 {Black wants to play ...Bf3.} 25. Ra2 (25. Rg1 $16) 25... Bf3 $1 $14 {[%cal Rf3h1]} 26. Rg1 {Rh2 is the strong threat.} Qh4+ {[%mdl 64] Double Attack} 27. Qf2 (27. Ng3 $1 $14) 27... Qh6 $11 28. Qd2 (28. Qe3 $11 Qh4+ 29. Qf2) 28... Qh4+ $2 ({Better is} 28... Rf4 $17 29. Ng3 Qg5) 29. Ng3 $14 Bh6 30. Qh2 Qf4 {( -> ...Qc1+)} 31. Nf5 $40 {[%mdl 128] White mounts an attack.} Rxf5 32. exf5 Qc1+ 33. Kf2 Qe3+ 34. Kf1 {Threatens to win with Qg3.} Qd3+ $2 (34... Qc1+ $11 {and Black has nothing to worry.} 35. Kf2 Qe3+ 36. Kf1 Qc1+ 37. Kf2) 35. Ne2 $18 Bf4 {[#]} 36. Qh4 {[%cal Rh4f6] Threatening mate with Qf6+.} Qxf5 (36... Rf8 $16) 37. Nxf4 exf4 38. Kf2 Bxd5 39. Qe7 {[%csl Gg1][%cal Re7g7] White mates.} Bf7 40. Rg5 Qe6 41. Re2 Qxe7 42. Rxe7 Rf8 43. Rf5 c3 44. Rxc5 Bb3 45. Rxc3 Bxa4 46. b6 {Weighted Error Value: White=0.20/Black=0.41} 1-0

[Event "Montenegro Festival-01 IM 2021"]
[Site "Niksic"]
[Date "2021.02.26"]
[Round "1"]
[White "Alivodic, Dario"]
[Black "Miletic, Vuk"]
[Result "1-0"]
[WhiteElo "2189"]
[BlackElo "2157"]
[Annotator "TA"]
[PlyCount "95"]
[EventDate "2021.02.26"]
[EventType "tourn"]
[EventRounds "9"]
[EventCountry "MNE"]

{[%evp 19,95,-17,-25,-35,-16,-23,-33,-40,-13,-15,-30,-35,-19,-48,-18,-50,-22,-18,0,0,-4,0,0,0,0,0,0,-14,-13,-11,-11,-13,-13,-11,-11,-13,-18,-19,0,0,0,0,0,-8,-8,-21,0,-10,0,-17,-14,-16,-14,-11,0,-1,0,-70,-25,-37,0,0,39,0,0,0,80,0,61,65,5481,5413,2558,1970,6387,6387,2226,685]} 1. d4 d5 2. c4 e6 3. Nf3 Nf6 4. g3 dxc4 5. Bg2 Be7 6. Qa4+ Bd7 7. Qxc4 Bc6 8. O-O O-O 9. Nc3 a6 10. a4 b5 11. Qd3 {[%cal Ra4b5] E05: Open Catalan: 5 Nf3 Be7.} b4 12. Nb1 Be4 13. Qe3 {Black is slightly better.} Nbd7 (13... c5 $5) 14. Nbd2 Bd5 {[#]} 15. b3 $146 ({Predecessor:} 15. Qd3 Bb7 16. b3 c5 17. Bb2 cxd4 18. Qxd4 e5 19. Qh4 Ne4 20. Qh3 Nc3 21. Bxc3 bxc3 {1-0 (45) Stepak,Y (2355)-Diker,M Beersheba 1984}) 15... c5 16. Bb2 Rc8 17. h3 Qb6 18. Ne5 {Hoping for Nxd7.} Bxg2 19. Kxg2 cxd4 20. Bxd4 Bc5 21. Nxd7 Nxd7 22. Nc4 Qc6+ 23. f3 Bxd4 24. Qxd4 Nc5 25. Na5 Qb6 {[%cal Rb6a5]} 26. Nc4 Qc7 27. Nd2 Rfd8 28. Qxb4 a5 29. Qc3 Rxd2 {[%mdl 64] Remove Defender, Decoy} 30. Qxd2 Nxb3 {[%mdl 64] Double Attack} 31. Qb2 Nxa1 32. Rxa1 $11 {[%mdl 4096] Endgame KQR-KQR} Qc4 33. Qb5 h5 34. h4 (34. Re1 {keeps more tension.} h4 35. Qxa5 hxg3 36. Kxg3 Rb8 37. Rd1) 34... Rc5 35. Qb2 e5 36. Kf2 e4 37. f4 Qe6 38. Rd1 (38. Rc1 $11 e3+ 39. Kg1) 38... e3+ (38... Qh3 $5 {[%cal Rh3h2]} 39. Qd4 Qh2+ 40. Kf1 Rc8 41. Qxe4 Qxg3 $17) 39. Kf3 Qg4+ (39... Qc6+ {feels hotter.} 40. Kxe3 Qg2 41. Qb8+ Kh7 42. Qb1+ g6) 40. Kg2 Qf5 (40... Kh7 {with more complications.} 41. Kh2 Qf5 42. Qd4 Qc2 43. Qxe3 Qxd1 44. Qxc5 Qxe2+ 45. Kh3 Qg4+) 41. Qd4 Qc2 42. Kf3 Rc4 (42... g6 $11 {remains equal.}) 43. Qd8+ $16 Kh7 {[%csl Gc4][%cal Rc2e4]} 44. Qd5 $40 {[%cal Rd5h5][%mdl 128] White has some attack.} f5 $2 {[%mdl 8192] [#] This costs Black the game.} (44... Rc5 $14 45. Qd3+ Qxd3 46. exd3 Rc2) 45. Rd3 $1 $18 {White is clearly winning.} Rc5 46. Qf7 Rc8 47. Qxf5+ {[%mdl 64] Double Attack} Kg8 {[#]} 48. Rd8+ $1 {[%mdl 512] Weighted Error Value: White=0.08/Black=0.14} 1-0

[Event "Montenegro Festival-01 IM 2021"]
[Site "Niksic"]
[Date "2021.02.26"]
[Round "1"]
[White "Kovacevic, Nikola"]
[Black "Pecurica, Milos"]
[Result "0-1"]
[WhiteElo "2022"]
[BlackElo "2320"]
[Annotator "TA"]
[PlyCount "46"]
[EventDate "2021.02.26"]
[EventType "tourn"]
[EventRounds "9"]
[EventCountry "MNE"]

{[%evp 14,46,-12,-23,11,7,22,-32,21,3,23,8,7,12,44,9,27,-114,-96,-139,-131,-189,-186,-293,-266,-243,-241,-405,-416,-403,-374,-358,-337,-735,-743]} 1. e4 e6 2. d3 c5 3. Nf3 Nc6 4. g3 d5 5. Nbd2 Nf6 6. Qe2 Be7 7. Bg2 O-O 8. O-O Kh8 {C00: French: Unusual White 2nd moves.} 9. Re1 b5 {[#]} 10. e5 $146 ({Better is} 10. b3 $11) ({Predecessor:} 10. Nf1 dxe4 11. dxe4 Qb6 12. e5 Nd5 13. c3 Bb7 14. Ng5 Bxg5 15. Bxg5 Nce7 16. Rad1 Rae8 17. Nd2 Ng6 18. Qh5 f6 19. Be4 f5 20. Bb1 Qc6 21. Qf3 Qc7 22. Qe2 Qc6 23. Qf3 {½-½ (23) Horvath,A (2277)-Egedi,I (2325) Hungary 2001}) 10... Ng8 ({Black should try} 10... Nd7 $15) 11. h4 b4 12. Nf1 f6 13. N1h2 Qe8 14. Bh3 Qg6 15. h5 (15. a3 $11 {keeps the balance.}) 15... Qxh5 $17 16. Bg4 Qg6 17. Nh4 (17. Bh3 $17) 17... Qf7 $19 18. N2f3 (18. f4 {was worth a try.}) 18... f5 19. Bh3 h6 20. g4 $2 {[#]} (20. Bf1) 20... fxg4 21. Bxg4 g5 22. Ng2 h5 23. Nh2 (23. Nxg5 Bxg5 24. Bxh5) 23... Nd4 {Weighted Error Value: White=0.76/Black=0.18} 0-1

[Event "Montenegro Festival-01 IM 2021"]
[Site "Niksic"]
[Date "2021.02.27"]
[Round "2"]
[White "Tomic, Aleksandar"]
[Black "Jelcic, Marko"]
[Result "1-0"]
[WhiteElo "2339"]
[BlackElo "2208"]
[Annotator "TA"]
[PlyCount "109"]
[EventDate "2021.02.26"]
[EventType "tourn"]
[EventRounds "9"]
[EventCountry "MNE"]

{[%evp 13,109,9,11,5,15,4,15,12,22,26,32,13,32,33,50,42,41,4,19,14,14,14,14,0,0,0,0,0,6,0,23,21,29,4,33,22,35,-11,40,34,52,24,41,0,0,0,0,0,0,0,0,0,92,12,99,80,93,0,0,-111,-108,-99,-99,-574,-564,-531,-418,-879,-879,-829,-833,-846,-821,-5798,-5775,-5289,-806,-694,0,-4986,-2281,-1727,-356,-600,-578,-914,-896,-790,-193,-171,390,306,29991,29992,29997,29998,29998,29999]} 1. Nf3 d5 2. g3 Nf6 3. Bg2 g6 4. b3 Bg7 5. Bb2 O-O 6. c4 e6 7. O-O b6 8. e3 {A05: Réti Opening: 1 Nf3 Nf6.} Bb7 9. Qe2 {is the legacy move (9.cxd5).} Nbd7 10. Rd1 {The position is equal.} c5 11. cxd5 {[#]} Bxd5 $146 ({Predecessor:} 11... exd5 12. d4 Re8 13. Nc3 a5 14. Rac1 Qb8 15. Qc2 Bc6 16. a4 Qb7 17. Qe2 Rad8 {½-½ (40) Hebert,J (2425)-Nogueiras Santiago,J (2495) Luzern 1982}) 12. Nc3 Bc6 13. Rac1 Qc7 14. d4 Qb7 15. Ba3 Rfd8 16. dxc5 Nxc5 17. Bxc5 bxc5 18. Ne1 Rxd1 19. Qxd1 Bxg2 20. Nxg2 Rc8 21. Na4 Nd7 22. Ne1 h5 23. h4 Qd5 24. Qd3 Bf8 25. Rd1 Nf6 (25... Qxd3 $11 26. Rxd3 Ne5) 26. Qe2 $14 Qe4 27. Qa6 Rc7 28. Qe2 c4 29. Rc1 Bb4 30. Nf3 c3 31. Nd4 Nd5 32. Nb5 Rd7 (32... Rc6 $11 {keeps the balance.}) 33. a3 (33. Naxc3 $16 Nxc3 34. Nxc3 Bxc3 35. Rxc3) 33... Be7 (33... Bf8 $1 $11) 34. Naxc3 Nxc3 35. Rxc3 (35. Nxc3 $16 Qe5 36. Qb5 Qxb5 37. Nxb5) 35... Qb1+ $40 {[%mdl 128] White needs to defend precisely.} 36. Kg2 (36. Kh2 $1 $11) 36... Rd1 $1 $17 {[%cal Rd1g1][%mdl 1024] White must now prevent ...Rg1+. Black has strong compensation.} 37. Rc8+ Kg7 $1 {Hoping for ...Rg1+.} 38. Qc2 $2 {[%mdl 8192]} (38. e4 $17) 38... Rg1+ $1 $19 39. Kf3 Qf1 40. Nd4 (40. Qc3+ $142 Bf6 41. Qc5 Qd1+ 42. Ke4 Qg4+ 43. f4 Rxg3 44. Kd3 (44. Qf8+ $2 Kh7 $19) 44... Qd1+ 45. Kc4 Qc2+ 46. Kb4 Qxc5+ 47. Kxc5) 40... Qg2+ 41. Ke2 Rf1 42. Kd3 Rxf2 43. Qc7 Qf1+ 44. Ke4 Qh1+ (44... Qb1+ $142 45. Ke5 Qd3 $1 46. Nxe6+ Kh7) 45. Kd3 Qf1+ (45... Bf6 $142 46. Qc5 Kh7) 46. Ke4 Qb1+ 47. Ke5 {[#]} Bf6+ (47... Qd3 $142 $1 48. Nxe6+ Kh7) 48. Kd6 Qe4 {[%csl Ge6][%cal Re4d5]} 49. Qc5 {White hopes to continue with Kd7.} Rd2 50. Kd7 Bxd4 $2 (50... Qxe3 51. Qf8+ Kh7 52. Qxf7+ Bg7) 51. exd4 Rxd4+ $4 {[%mdl 8192]} (51... Qxd4+ $19 {and all is fine.} 52. Qxd4+ Rxd4+ 53. Ke8 f5 54. Rc7+ Kf6 55. Rxa7 Rd3) 52. Ke8 $18 {aiming for Qf8+.} Qd3 $2 (52... Kf6 $18 53. Qe7+ {[%mdl 64] Double Attack} (53. Qxa7 Kf5 $14) 53... Ke5 54. Rc5+ (54. Qxf7 Qd5 $16) (54. Qxa7 Kf5 $11) (54. Kxf7 Qf5+ 55. Kg7 Ke4 $18) 54... Rd5) 53. Qf8+ {[%mdl 64] Double Attack. White mates.} Kf6 54. Qxf7+ {[%mdl 64] Double Attack} Ke5 55. Rc5+ {Weighted Error Value: White=0.64/Black=0.74} 1-0

[Event "Montenegro Festival-01 IM 2021"]
[Site "Niksic"]
[Date "2021.02.27"]
[Round "2"]
[White "Pecurica, Milos"]
[Black "Alivodic, Dario"]
[Result "0-1"]
[WhiteElo "2320"]
[BlackElo "2189"]
[Annotator "TA"]
[PlyCount "74"]
[EventDate "2021.02.26"]
[EventType "tourn"]
[EventRounds "9"]
[EventCountry "MNE"]

{[%evp 17,74,0,14,10,16,0,0,-4,0,0,22,10,20,22,27,27,32,15,10,0,0,0,0,-25,-9,-73,-91,-95,-86,-77,-77,-84,-78,-188,-191,-187,-164,-216,-236,-294,-292,-302,-310,-498,-493,-524,-452,-451,-445,-603,-614,-6187,-6170,-6170,-5846,-1727,-910,-29984,-29985]} 1. e4 c5 2. Nf3 e6 3. g3 d5 4. exd5 exd5 5. d4 Nf6 6. Bg2 Be7 7. O-O O-O 8. dxc5 {8.dxc5 is better than 8.Nc3.} Bxc5 9. Nc3 Nc6 10. Bg5 {B40: Sicilian: 2...e6, Unusual lines.} Be6 11. Na4 Be7 12. Nd4 {The position is equal.} Nxd4 13. Qxd4 {[#]} Qc7 $146 ({Predecessor:} 13... h6 14. Be3 Ng4 15. Nc5 Bxc5 16. Qxc5 Nxe3 17. Qxe3 d4 18. Qe4 Qb6 19. b3 Rac8 {½-½ (30) Iniyan,P (2517)-Karthikeyan,M (2612) Abu Dhabi 2019}) 14. Nc3 Rfd8 15. Rad1 h6 16. Bf4 Qa5 17. Bd2 {And now Nxd5 would win.} Qa6 18. Rfe1 Rac8 19. Bf1 Qc6 20. Bb5 (20. Qxa7 Ra8 $17) 20... Qc7 21. Bf4 {[#]} ({Wrong is} 21. Qxa7 $2 Bc5 $19) (21. Be3 $11) 21... Qa5 $1 $17 {Black keeps a firm grip on the game.} 22. Qa4 Qb6 23. Be3 Bc5 24. Bxc5 Rxc5 25. Bd3 {[#]} (25. a3 $17 {was worth a try.}) 25... d4 $1 $19 {Threatens to win with ...Ra5.} ({Not} 25... Qxb2 26. Ne2 $15) 26. Rxe6 fxe6 27. Ne2 (27. Ne4 $142 Nxe4 28. Bxe4) 27... e5 28. b4 Rc7 {...e4 is the strong threat.} 29. c4 dxc3 {Hoping for ...Ng4.} 30. Bh7+ $2 (30. Qb3+ Kh8 31. Nxc3) 30... Kxh7 31. Qc2+ e4 32. Rxd8 Qxb4 33. Qc1 c2 34. Qf4 {Strongly threatening Qf5+.} Qe1+ {[%mdl 64] Double Attack} 35. Kg2 Qxe2 36. Qxc7 Qf3+ 37. Kh3 Ng4 {Weighted Error Value: White=0.68/Black=0.16} 0-1

[Event "Montenegro Festival-01 IM 2021"]
[Site "Niksic"]
[Date "2021.02.27"]
[Round "2"]
[White "Klasan, Vladimir"]
[Black "Kovacevic, Nikola"]
[Result "1-0"]
[WhiteElo "2304"]
[BlackElo "2022"]
[Annotator "TA"]
[PlyCount "51"]
[EventDate "2021.02.26"]
[EventType "tourn"]
[EventRounds "9"]
[EventCountry "MNE"]

{[%evp 19,51,-18,0,-59,26,-54,4,7,6,7,14,9,33,21,36,15,38,28,37,44,36,54,80,47,307,301,387,392,393,388,394,399,439,406]} 1. e4 c5 2. Nc3 Nc6 3. Nf3 g6 4. d4 cxd4 5. Nxd4 Bg7 6. Nde2 Nf6 7. g3 b5 8. Bg2 Rb8 9. O-O O-O 10. h3 d6 11. Be3 {B70: Sicilian Dragon: 6 g3 and 6 Be2 (without a later Be3).} (11. a3 $11) 11... Qc7 {[#]} (11... b4 $15 12. Nd5 Nd7) 12. Rb1 $146 (12. Nd5 $11 Qd7 13. a3) ({Predecessor:} 12. Bg5 e6 13. a4 bxa4 14. Rxa4 Rxb2 15. Qa1 Rb6 16. Be3 Rb4 17. Rxb4 Nxb4 18. Qxa7 Qxa7 19. Bxa7 Nxc2 {½-½ (19) Kulkarni,V (2455)-Sagar,S (2301) Mumbai 2012}) 12... Ne5 (12... e6 $1 $15) 13. b3 {The position is equal.} e6 14. f4 Nc6 15. Qd2 b4 16. Na4 Rd8 17. Rfd1 d5 18. e5 {[%cal Re5f6]} Ne4 19. Qe1 Bb7 20. c4 bxc3 {And now ...c2 would win.} 21. Nexc3 Nxg3 {[%mdl 8192]} 22. Qxg3 $18 d4 23. Nb5 {[%csl LRc7,LRd4][%mdl 64] [#] Double Attack} Qa5 24. Nxd4 Nxd4 25. Bxd4 Bd5 26. Rbc1 {White took control after the opening.  Weighted Error Value: White=0.22/Black=0.54} 1-0

[Event "Montenegro Festival-01 IM 2021"]
[Site "Niksic"]
[Date "2021.02.27"]
[Round "2"]
[White "Miletic, Vuk"]
[Black "Arapovic, Vitomir"]
[Result "1-0"]
[WhiteElo "2157"]
[BlackElo "2295"]
[Annotator "TA"]
[PlyCount "119"]
[EventDate "2021.02.26"]
[EventType "tourn"]
[EventRounds "9"]
[EventCountry "MNE"]

{[%evp 14,119,32,16,16,16,36,25,32,20,31,35,30,24,44,40,40,37,67,52,58,68,125,137,132,61,85,75,102,76,91,70,85,77,87,33,86,75,107,110,122,110,101,85,80,81,192,188,204,210,283,291,287,168,168,45,37,66,46,6,6,0,0,0,0,0,0,0,0,-20,97,93,185,131,450,431,407,406,374,358,402,396,398,387,396,329,300,277,277,237,243,222,12829,12831,12833,12834,12833,12834,12828,11713,12841,12835,12832,0,12841,12842,12838,10399]} 1. d4 d6 2. e4 Nf6 3. Nc3 e5 4. Nf3 exd4 5. Nxd4 Be7 6. Be2 O-O 7. O-O Nc6 8. Be3 Nxd4 {C41: Philidor Defence.} 9. Bxd4 Re8 10. f4 c6 {White has an edge.} 11. Bf3 {[#]} Nd7 $146 ({Predecessor:} 11... Bf8 12. h3 Nd7 13. Qd2 Nb6 14. Qf2 f5 15. Rfe1 fxe4 16. Nxe4 Bf5 17. Qg3 Bxe4 18. Bxe4 {1-0 (36) Bachstein,D (1993)-Walter,M (1661) Bayern 2013}) 12. Qd2 b5 13. Rad1 b4 14. Ne2 c5 15. Bf2 Nb6 16. e5 d5 17. c4 {[%cal Rc4d5]} d4 ({Black should try} 17... bxc3 $14 18. Nxc3 Rb8) 18. Bxa8 $16 Nxa8 19. Nc1 (19. Ng3 $16) 19... Nb6 20. b3 Nd7 21. Nd3 Nf8 22. a3 {[%cal Ra3b4]} a5 23. axb4 axb4 24. Bg3 ({White should play} 24. h3 $16) 24... g6 (24... Bf5 $14) 25. Ra1 Bf5 26. Ra7 h5 27. h3 h4 28. Bh2 Ne6 29. Rfa1 Qb8 (29... Qc8 $16 {keeps fighting.}) 30. Qe2 $18 Ng7 31. Qf3 {[#] Ra8 is the strong threat.} Bxd3 32. Qxd3 Qc8 33. Qf3 (33. Qe4 $142 {Threatens to win with Rxe7!} Qf5 34. Qxf5 Nxf5 35. Kf2) 33... Qf5 34. Ra8 (34. R7a2 $18) 34... Rxa8 $1 $14 35. Qxa8+ Bf8 $1 36. Qf3 Qc2 $1 37. Qd1 Qc3 38. Rc1 Qe3+ 39. Kh1 Nf5 {Threatening ...d3.} 40. Rb1 Bh6 41. Qe1 d3 (41... Bxf4 $11 {remains equal.} 42. Bxf4 Qxf4) 42. Rd1 $16 {[#] Hoping for Qxe3. White stays focused until the end.} Qxe1+ (42... Bxf4 $16 43. Qxe3 Bxe3) 43. Rxe1 $18 Ng3+ $2 {[%mdl 8192]} (43... Nd4 $16) 44. Bxg3 hxg3 {[%mdl 4096] Endgame KR-KB} 45. Rd1 Bxf4 46. Rxd3 Bxe5 47. Kg1 Bd4+ 48. Kf1 Bf2 49. Ke2 Kg7 50. Kf3 Kf6 51. Rd5 Ke6 52. Ke4 f6 $2 (52... Ke7 53. h4 Kf6) 53. h4 Ke7 54. h5 gxh5 55. Rxh5 Ke6 56. Kf4 Kd6 57. Rh6 Ke6 58. Rh5 Kd6 59. Kf5 Bd4 60. Rh6 {Weighted Error Value: White=0.26/Black=0.27} 1-0